[Event "Gatineau Hull CC LEO-chB"]
[Site "Gatineau"]
[Date "2008.04.22"]
[Round "2"]
[White "Guimond, Michel"]
[Black "Kennedy, Philip"]
[Result "1-0"]
[WhiteElo "1892"]
[BlackElo "1328"]
[PlyCount "57"]
[EventDate "2008.04.15"]
[EventType "swiss"]
[EventRounds "6"]
[EventCountry "CAN"]
[SourceTitle "EXT 2022"]
[Source "ChessBase"]
[SourceDate "2021.10.06"]
[SourceVersion "1"]
[SourceVersionDate "2021.10.06"]
[SourceQuality "1"]

1. e4 c5 2. Nf3 Nc6 3. d4 cxd4 4. Nxd4 e6 5. Nc3 a6 6. Bc4 Nf6 7. 0-0 Bc5 8. Nxc6 bxc6 9. Bg5 Qb6 10. e5 Qxb2 11. Qd3 Ng4 12. Rab1 Qa3 13. Qg3 Bxf2+ 14. Rxf2 Nxf2 15. Bb3 Qc5 16. Na4 Ne4+ 17. Nxc5 Nxg3 18. hxg3 Rb8 19. Ne4 0-0 20. Nd6 f6 21. exf6 gxf6 22. Bh6 Rd8 23. Rf1 Rb4 24. c4 f5 25. g4 c5 26. gxf5 exf5 27. Rxf5 Rb6 28. Rg5+ Kh8 29. Nf7# 1-0

[Event "Gatineau Hull CC LEO-chB"]
[Site "Gatineau"]
[Date "2008.04.15"]
[Round "1"]
[White "Scantland, Patrick"]
[Black "Kennedy, Philip"]
[Result "0-1"]
[WhiteElo "1710"]
[BlackElo "1328"]
[PlyCount "108"]
[EventDate "2008.04.15"]
[EventType "swiss"]
[EventRounds "6"]
[EventCountry "CAN"]
[SourceTitle "EXT 2022"]
[Source "ChessBase"]
[SourceDate "2021.10.06"]
[SourceVersion "1"]
[SourceVersionDate "2021.10.06"]
[SourceQuality "1"]

1. e4 c5 2. Nf3 d6 3. d4 cxd4 4. Nxd4 Nf6 5. Nc3 a6 6. Be3 e5 7. Nb3 Be6 8. f3 Be7 9. Qd2 Nbd7 10. 0-0-0 h6 11. g4 Nh7 12. h4 Bxh4 13. Qxd6 Bg5 14. Qd2 Bxe3 15. Qxe3 Qg5 16. Qd2 Rd8 17. Rh5 Qxd2+ 18. Rxd2 0-0 19. Na5 Ng5 20. Bg2 Nc5 21. Nd5 Bxd5 22. exd5 f6 23. Rh1 Rd6 24. Nc4 Rd7 25. Rhd1 Nf7 26. d6 Rfd8 27. Rd5 Ne6 28. a4 Nf4 29. R5d2 Nxg2 30. Rxg2 b5 31. axb5 axb5 32. Na3 Rxd6 33. Rxd6 Nxd6 34. Rd2 Kf8 35. Nxb5 Ke7 36. Nc3 Ke6 37. Re2 f5 38. Rd2 fxg4 39. fxg4 Rf8 40. Rg2 Rf1+ 41. Kd2 Nc4+ 42. Ke2 Rf4 43. b3 Nd6 44. Ke3 Nf7 45. Nb5 Kf6 46. c4 Ng5 47. Rg3 Ne4 48. Rg1 Nf2 49. c5 Nxg4+ 50. Kd3 e4+ 51. Ke2 e3 52. c6 Rf2+ 53. Ke1 h5 54. Nd4 Ke7 0-1

[Event "Quebec-ch qual"]
[Site "Gatineau"]
[Date "2008.03.25"]
[Round "3"]
[White "Kennedy, Philip"]
[Black "Scantland, Patrick"]
[Result "0-1"]
[WhiteElo "1343"]
[BlackElo "1711"]
[PlyCount "90"]
[EventDate "2008.03.11"]
[EventType "swiss"]
[EventRounds "5"]
[EventCountry "CAN"]
[SourceTitle "EXT 2011"]
[Source "ChessBase"]
[SourceDate "2010.11.26"]
[SourceVersion "1"]
[SourceVersionDate "2010.11.26"]
[SourceQuality "1"]

1. c4 Nf6 2. g3 e6 3. Bg2 c6 4. Nc3 d5 5. d4 Bb4 6. Bd2 dxc4 7. a3 Ba5 8. e4 Qxd4 9. Nge2 Qc5 10. 0-0 e5 11. Be3 Qe7 12. Na4 Bg4 13. f3 Be6 14. f4 exf4 15. Nxf4 Nbd7 16. Nxe6 Qxe6 17. Qf3 0-0 18. Rad1 Rfe8 19. Qf5 Qxf5 20. Rxf5 Rad8 21. Rxa5 Nxe4 22. Bxa7 Ndf6 23. Rxd8 Rxd8 24. Bb6 Rd1+ 25. Bf1 h6 26. Ra8+ Kh7 27. Rd8 Nd5 28. Ba5 Rc1 29. Rd7 Ne3 30. Rxf7 Ng5 31. Rxg7+ Kxg7 32. Bc3+ Kg6 33. Kf2 Nxf1 34. Be1 Nxh2 35. Nc3 Ng4+ 36. Kf1 Kf5 37. Ne2 Ne3+ 38. Kf2 Ne4+ 39. Kxe3 Rxe1 40. Kf3 Rxe2 41. g4+ Kg5 42. Kxe2 Kxg4 43. Ke3 c3 44. bxc3 Nxc3 45. Kf2 b5 0-1

[Event "Gatineau Monarque Noir 2nd"]
[Site "Gatineau"]
[Date "2008.02.26"]
[Round "7"]
[White "Kennedy, Philip"]
[Black "Arsenault, Yves"]
[Result "1/2-1/2"]
[WhiteElo "1337"]
[BlackElo "1503"]
[PlyCount "69"]
[EventDate "2008.01.15"]
[EventType "swiss"]
[EventRounds "7"]
[EventCountry "CAN"]
[SourceTitle "EXT 2011"]
[Source "ChessBase"]
[SourceDate "2010.11.26"]
[SourceVersion "1"]
[SourceVersionDate "2010.11.26"]
[SourceQuality "1"]

1. c4 c5 2. g3 Nc6 3. Nc3 Nf6 4. Nf3 d6 5. Bg2 Bf5 6. 0-0 e5 7. d3 Be7 8. e4 Bd7 9. Bg5 Rc8 10. a3 a6 11. Qd2 h6 12. Bxf6 Bxf6 13. Nd5 Nd4 14. Nxf6+ Qxf6 15. Nxd4 cxd4 16. f4 b5 17. Rac1 bxc4 18. dxc4 0-0 19. f5 Rc6 20. Rf2 Rfc8 21. Bf1 R8c7 22. Bd3 Bc8 23. b4 Bb7 24. a4 Rc8 25. a5 R6c7 26. Qe2 d5 27. c5 dxe4 28. Bxe4 Bxe4 29. Qxe4 Rd8 30. h4 d3 31. Rd2 Rd4 32. Qa8+ Rd8 33. Qf3 Rd4 34. Qa8+ Rd8 35. Qf3 1/2-1/2

[Event "Gatineau Monarque Noir 2nd"]
[Site "Gatineau"]
[Date "2008.01.15"]
[Round "1"]
[White "Guimond, Michel"]
[Black "Kennedy, Philip"]
[Result "1-0"]
[WhiteElo "1854"]
[BlackElo "1337"]
[PlyCount "57"]
[EventDate "2008.01.15"]
[EventType "swiss"]
[EventRounds "7"]
[EventCountry "CAN"]
[SourceTitle "EXT 2011"]
[Source "ChessBase"]
[SourceDate "2010.11.26"]
[SourceVersion "1"]
[SourceVersionDate "2010.11.26"]
[SourceQuality "1"]

1. e4 c5 2. Nf3 Nc6 3. d4 cxd4 4. Nxd4 g6 5. Be3 Bg7 6. Nc3 Nf6 7. Nxc6 bxc6 8. e5 Ng8 9. f4 e6 10. Ne4 Ne7 11. Nd6+ Kf8 12. Bc5 Kg8 13. h4 Nd5 14. Qd2 Bf8 15. c4 Bxd6 16. Bxd6 Ne7 17. g4 h5 18. Qb4 c5 19. Qxc5 Nc6 20. Bg2 Bb7 21. gxh5 Rxh5 22. 0-0-0 Rxh4 23. Bxc6 Rxh1 24. Bxh1 Bxh1 25. Be7 Qb6 26. Qxb6 axb6 27. Rxh1 Rxa2 28. Kb1 Ra8 29. Bf6 1-0

[Event "Gatineau Nez rouge B"]
[Site "Gatineau"]
[Date "2006.12.12"]
[Round "4"]
[White "Kennedy, Philip"]
[Black "Chirokova, Elena"]
[Result "0-1"]
[WhiteElo "1295"]
[BlackElo "1324"]
[PlyCount "128"]
[EventDate "2006.11.21"]
[EventType "swiss"]
[EventRounds "5"]
[EventCountry "CAN"]
[SourceTitle "EXT 2022"]
[Source "ChessBase"]
[SourceDate "2021.10.06"]
[SourceVersion "1"]
[SourceVersionDate "2021.10.06"]
[SourceQuality "1"]

1. Nf3 Nc6 2. g3 e5 3. e4 Nf6 4. Nc3 d6 5. Bg2 Bg4 6. 0-0 h6 7. b3 Nd4 8. Bb2 c6 9. h3 Bh5 10. Re1 Be7 11. Re3 b5 12. Ne2 Nxf3+ 13. Bxf3 Bxf3 14. Rxf3 Nxe4 15. h4 0-0 16. d3 Nf6 17. Re3 Ng4 18. Re4 h5 19. Nc3 Qb6 20. Qf3 f5 21. Re2 f4 22. Kg2 fxg3 23. Qxg3 Qd4 24. Rf1 Qf4 25. Ne4 d5 26. Bc1 Qxg3+ 27. Nxg3 Bxh4 28. Nxh5 g6 29. Ng3 Nf6 30. Rxe5 g5 31. Bxg5 Bxg5 32. Rxg5+ Kf7 33. Re1 Rg8 34. Rxg8 Rxg8 35. f3 Nh5 36. Kh2 Nxg3 37. Rg1 Ne2 38. Rxg8 Kxg8 39. Kg2 Kf7 40. Kf2 Nd4 41. c3 Nf5 42. f4 a5 43. a3 Kf6 44. d4 Nh4 45. Kg3 Ng6 46. Kg4 Ne7 47. a4 bxa4 48. bxa4 Nc8 49. Kf3 Nb6 50. Ke3 Nxa4 51. Kd3 Nb2+ 52. Kc2 Nc4 53. Kb3 Kf5 54. Ka4 Kxf4 55. Kb3 Ke3 56. Ka4 Kd3 57. Kb3 Nb6 58. Kb2 a4 59. Ka2 Kxc3 60. Ka3 Kxd4 61. Ka2 Nc4 62. Kb1 a3 63. Ka1 Kc3 64. Kb1 d4 0-1

[Event "Gatineau Nez rouge B"]
[Site "Gatineau"]
[Date "2006.11.21"]
[Round "1"]
[White "Kennedy, Philip"]
[Black "Maisonneuve, Paul"]
[Result "0-1"]
[WhiteElo "1295"]
[BlackElo "1561"]
[PlyCount "112"]
[EventDate "2006.11.21"]
[EventType "swiss"]
[EventRounds "5"]
[EventCountry "CAN"]
[SourceTitle "EXT 2022"]
[Source "ChessBase"]
[SourceDate "2021.10.06"]
[SourceVersion "1"]
[SourceVersionDate "2021.10.06"]
[SourceQuality "1"]

1. Nf3 Nf6 2. g3 d5 3. Bg2 g6 4. 0-0 Bg7 5. Nc3 0-0 6. d4 Nbd7 7. Re1 Re8 8. e4 dxe4 9. Nxe4 Nxe4 10. Rxe4 Nf6 11. Re2 c6 12. c3 Bg4 13. h3 Bxf3 14. Bxf3 Nd5 15. Qd3 e6 16. Bd2 Qb6 17. Rb1 Rad8 18. a3 Ne7 19. Be3 Nf5 20. Bg5 f6 21. Bd2 e5 22. Qc4+ Kh8 23. b4 exd4 24. Rxe8+ Rxe8 25. Re1 Rxe1+ 26. Bxe1 dxc3 27. Bxc3 Qd8 28. Qc5 a6 29. a4 Ne7 30. b5 axb5 31. axb5 Qd7 32. bxc6 bxc6 33. Qd4 Qxd4 34. Bxd4 Kg8 35. Bg2 f5 36. Bc5 Nd5 37. Bxd5+ cxd5 38. Kf1 Kf7 39. Ke2 Ke6 40. Kd3 g5 41. f4 gxf4 42. gxf4 Bh6 43. Ke3 Bg7 44. Kd3 h5 45. Ke3 Bb2 46. Kd3 Bc1 47. Be3 Bxe3 48. Kxe3 Kd6 49. Kd3 Kc5 50. Kc3 h4 51. Kd3 d4 52. Kc2 Kc4 53. Kd2 d3 54. Kd1 Kd4 55. Ke1 Ke3 56. Kf1 d2 0-1

[Event "Gatineau Hull CC 27 Ann-B"]
[Site "Gatineau"]
[Date "2006.10.03"]
[Round "4"]
[White "Lacourse, Guy"]
[Black "Kennedy, Philip"]
[Result "1-0"]
[WhiteElo "1681"]
[BlackElo "1296"]
[PlyCount "83"]
[EventDate "2006.09.12"]
[EventType "swiss"]
[EventRounds "5"]
[EventCountry "CAN"]
[SourceTitle "EXT 2022"]
[Source "ChessBase"]
[SourceDate "2021.10.06"]
[SourceVersion "1"]
[SourceVersionDate "2021.10.06"]
[SourceQuality "1"]

1. Nf3 c5 2. c4 e6 3. Nc3 Nc6 4. g3 Nf6 5. e3 g6 6. Bg2 Bg7 7. 0-0 0-0 8. d4 d6 9. dxc5 dxc5 10. Na4 b6 11. Ne5 Nxe5 12. Bxa8 Ba6 13. Qxd8 Rxd8 14. Bg2 Bxc4 15. Re1 Nd3 16. Rd1 Nd7 17. b3 Bxa1 18. bxc4 Nxc1 19. Rxc1 Bg7 20. Rd1 Bf6 21. f4 Nf8 22. Rxd8 Bxd8 23. Bc6 Kg7 24. Nc3 f5 25. Bb7 Bf6 26. Nb5 a5 27. a4 g5 28. Bc8 gxf4 29. gxf4 Kg6 30. Nc7 e5 31. Nd5 exf4 32. exf4 h6 33. Kg2 Bd8 34. Ne3 Kh5 35. Bxf5 Bc7 36. Kf3 Bd8 37. h3 Be7 38. Nf1 Bh4 39. Nd2 Be7 40. Ne4 Bh4 41. Nd6 Ng6 42. Bg4# 1-0

[Event "Gatineau Hull CC 27 Ann-B"]
[Site "Gatineau"]
[Date "2006.09.12"]
[Round "1"]
[White "Kennedy, Philip"]
[Black "Thibault, Mario"]
[Result "0-1"]
[WhiteElo "1296"]
[BlackElo "1676"]
[PlyCount "99"]
[EventDate "2006.09.12"]
[EventType "swiss"]
[EventRounds "5"]
[EventCountry "CAN"]
[SourceTitle "EXT 2022"]
[Source "ChessBase"]
[SourceDate "2021.10.06"]
[SourceVersion "1"]
[SourceVersionDate "2021.10.06"]
[SourceQuality "1"]

1. Nf3 d5 2. g3 Nf6 3. Bg2 c6 4. 0-0 Bf5 5. d3 h6 6. Bf4 e6 7. Nbd2 Bh7 8. Re1 Be7 9. e4 0-0 10. Nb3 a5 11. a4 dxe4 12. dxe4 Bxe4 13. Ne5 Qxd1 14. Raxd1 Bxc2 15. Rd3 Bxd3 16. Nxd3 Nd5 17. Bd2 b6 18. Nd4 Bf6 19. Nf3 Nd7 20. h4 Rac8 21. Rc1 Rfe8 22. b3 e5 23. Bh3 Rc7 24. Re1 Re7 25. Bxd7 Rcxd7 26. Nfxe5 Bxe5 27. Nxe5 Rc7 28. h5 f6 29. Ng6 Rxe1+ 30. Bxe1 c5 31. Kf1 c4 32. bxc4 Rxc4 33. Ke2 Rxa4 34. Kd3 b5 35. f3 Ra1 36. Bd2 b4 37. Kc4 Rd1 38. Kxd5 Rxd2+ 39. Kc4 Rc2+ 40. Kb3 Rc3+ 41. Kb2 Rxf3 42. Ne7+ Kf7 43. Nc6 Rf5 44. g4 Rc5 45. Nd4 Rc4 46. Nb5 Rxg4 47. Kb3 Rg3+ 48. Ka4 Ra3+ 49. Nxa3 bxa3 50. Kxa3 0-1